000 00635nam a22001697a 4500
999 _c178774
_d178774
005 20210413122050.0
010 _aHIN-120086
020 _c100.00
035 _aHN-92432
037 _bलोकायत प्रकाशन
_a
082 _a820.08
245 _aहिंदी साहित्य का इतिहास /
_cएफ, ई. के.
260 _bलोकायत पब्लिकेशन
_aगोरखपुर
_c1920
300 _a110पृ.
_c21सेमी(सजिल्द)
500 _aअनुक्रमणिका
942 _2ddc
_cHN
_mफ्रैंकई
_h820.09